000
00222 a2200097 4500
001
34940
100
_a
Hiro Dilip
245
_a
Inside the Middle East
260
_a
London
_b
Routlege & Kegan Paul
_c
090
_c
23103
_d
23103
942
_a
NUST-CAE
_c
M
_c
14563
999
_c
270013
_d
270013